00740nam a22002297a 4500003000400000005001700004008004100021020001500062040000900077100002600086245006100112260003400173300001100207610003700218650004600255650003000301610003700331610002000368942001300388999001500401952009400416OSt20151022113002.0130529s1994 sp ||||| |||| 00| 0 spa d a8487799043 cCDMR1 9762aBalsebre, Armand13aLa credibilitat de la radio informativacArmand Balsebre aBarcelonabFeed-BackcDL 1994 a117 p.1 93577aCOPE (Emissora de ràdio)0491981aRadiodifusióxNoticiariszEspanya0492800aRàdioxLlenguatge1 93198aRadio Nacional de España1 9264aCadena SER 2udccMON c6342d6342 00104070aCDMRbCDMRd2013-01-16l0oEl 6/3pCDMR13056546Ir2013-05-29w2013-05-29yMON